| 000 | 00605nam a22002057a 4500 | ||
|---|---|---|---|
| 003 | OSt | ||
| 005 | 20201125104507.0 | ||
| 008 | 130412s1990 dr 000 0 spa d | ||
| 040 |
_aDO-SdBNP _bspa _cBNPHU |
||
| 082 |
_axxxxxx _bG216t |
||
| 100 | 1 |
_aGarcia Dubus, Luis _920490 |
|
| 245 | 1 | 0 |
_a¿Tiene usted mentalidad de exito? / : _bLuis García Dubus ; prólogo Mateo Andrés |
| 250 | _a11ma. ed. | ||
| 260 |
_aSanto Domingo : _bBiblos, _c1990. |
||
| 300 |
_a194 p. ; _c19 cm. |
||
| 590 | _aInventariado, 2020/ YL | ||
| 700 | 1 |
_aAndrés, Mateo _eprol. _97205 |
|
| 910 | _aYLockward | ||
| 942 |
_2ddc _cLBS1 |
||
| 999 |
_c49204 _d49204 |
||